| 000 | 00670nam a2200253Ia 4500 | ||
|---|---|---|---|
| 003 | OSt | ||
| 005 | 20221005060612.0 | ||
| 006 | a|||||r|||| 00| 0 | ||
| 007 | ta | ||
| 008 | 221004b |||||||| |||| 00| 0 eng d | ||
| 020 | _a)415258057 | ||
| 024 | _a76708 | ||
| 037 | _cTextual | ||
| 040 |
_aCRL _cCRL _beng |
||
| 041 |
_2eng _aeng |
||
| 082 | _aP111, P3 | ||
| 100 |
_aJenkins Jennifer _930496 |
||
| 245 | 0 |
_aWorld Englishes _b A resource book for students |
|
| 260 |
_aLondon _bRoutledge Great Birtain _c2003 |
||
| 300 |
_a233p. _ccm. |
||
| 650 | _aLINGUISTICS | ||
| 942 |
_hP111, P3 _cTEXL _2cc |
||
| 999 |
_c966956 _d966956 |
||